000
00219nam a2200097Ia 4500
008
240331s9999 xx 000 0 und d
082
_b
STU
100
_a
Sturman, M
245
0
_a
Ghosts, an enemy of the people
942
_c
L
999
_c
3182
_d
3182